00455nam a2200157Ia 450000500170000000800460001703700110006304000200007404100130009408400220010710000220012924500930015126000090024430000100025354600340026320250508155847.0008 250505s9999 xx 000 0 eng d aTheses aFEDLbengcFEDL aeng2eng a370, SEN/THqFEDL aSengupta Banamali 0aPrognostic value of final examination marks in delta class for success in science course c1963 a426p. aPH.D Thesis (Agra University)